Nonlinear analysis of structures / (Record no. 31781)

000 -LEADER
fixed length control field 01130cam a2200313 a 4500
001 - CONTROL NUMBER
control field 2598456
003 - CONTROL NUMBER IDENTIFIER
control field OSt
005 - DATE AND TIME OF LATEST TRANSACTION
control field 20211109130003.0
008 - FIXED-LENGTH DATA ELEMENTS--GENERAL INFORMATION
fixed length control field 970711s1998 flua b 001 0 eng
010 ## - LIBRARY OF CONGRESS CONTROL NUMBER
LC control number 97027731
020 ## - INTERNATIONAL STANDARD BOOK NUMBER
International Standard Book Number 0849396522 (alk. paper)
038 ## - RECORD CONTENT LICENSOR
Staff Name khadija
040 ## - CATALOGING SOURCE
Original cataloging agency DLC
Transcribing agency DLC
Modifying agency DLC
050 00 - LIBRARY OF CONGRESS CALL NUMBER
Classification number TA646
Item number .S365 1998
082 00 - DEWEY DECIMAL CLASSIFICATION NUMBER
Classification number 624.171
Edition number 21
Author Mark SAT
100 1# - MAIN ENTRY--PERSONAL NAME
Personal name Sathyamoorthy, M.
9 (RLIN) 83739
245 10 - TITLE STATEMENT
Title Nonlinear analysis of structures /
Statement of responsibility, etc. Muthukrishnan Sathyamoorthy.
260 ## - PUBLICATION, DISTRIBUTION, ETC.
Place of publication, distribution, etc. Boca Raton, FL :
Name of publisher, distributor, etc. CRC Press,
Date of publication, distribution, etc. c1998.
300 ## - PHYSICAL DESCRIPTION
Extent 621 p. :
Other physical details ill. ;
Dimensions 26 cm.
440 #0 - SERIES STATEMENT/ADDED ENTRY--TITLE
Title CRC mechanical engineering series
9 (RLIN) 83539
504 ## - BIBLIOGRAPHY, ETC. NOTE
Bibliography, etc. note Includes bibliographical references and index.
563 ## - BINDING INFORMATION
Binding note Hardcover
650 #0 - SUBJECT ADDED ENTRY--TOPICAL TERM
Topical term or geographic name entry element Structural analysis (Engineering)
9 (RLIN) 654
650 #0 - SUBJECT ADDED ENTRY--TOPICAL TERM
Topical term or geographic name entry element Nonlinear theories.
9 (RLIN) 655
856 42 - ELECTRONIC LOCATION AND ACCESS
Materials specified Publisher description
Uniform Resource Identifier <a href="http://www.loc.gov/catdir/enhancements/fy0646/97027731-d.html">http://www.loc.gov/catdir/enhancements/fy0646/97027731-d.html</a>
906 ## - LOCAL DATA ELEMENT F, LDF (RLIN)
a 7
b cbc
c orignew
d 1
e ocip
f 19
g y-gencatlg
942 ## - ADDED ENTRY ELEMENTS (KOHA)
Source of classification or shelving scheme
Koha item type Book
Holdings
Withdrawn status Lost status Source of classification or shelving scheme Damaged status Not for loan Permanent Location Current Location Date acquired Total Checkouts Full call number Barcode Date last seen Price effective from Koha item type Shelving location
          Central Library (CL) Central Library (CL) 07/01/2015   624.171 WHI SMME-301 03/27/2018 07/01/2015 Book  
          School of Mechanical & Manufacturing Engineering (SMME) School of Mechanical & Manufacturing Engineering (SMME) 09/30/2015   624.171 SAT SMME-1280 03/28/2018 09/30/2015 Book General Stacks
© 2023 Central Library, National University of Sciences and Technology. All Rights Reserved.